Calvert /

Bibliographic Details
Main Author: Pledger, Roy Crawford
Corporate Author: Texas A & M University. School of Architecture
Format: Photo
Language:English
Published: [Place of publication not identified] : [publisher not identified] ; [1965?]
Subjects:

MARC

Tag First Indicator Second Indicator Subfields
LEADER 00000ckm a2200000Ia 4500
001 in00002777021
005 20190207102648.0
007 kv bc|
008 120928s1965 xx ineng d
035 |a (OCoLC)ocn811344594 
035 |a (OCoLC)811344594 
040 |a TXA  |c TXA  |d UtOrBLW 
043 |a n-us-tx 
049 |a TXAM 
090 |a F394.C23  |b P63 1965 
100 1 |a Pledger, Roy Crawford. 
245 1 0 |a Calvert /  |c [Roy Pledger]. 
264 1 |a [Place of publication not identified] :  |b [publisher not identified] ;  |c [1965?] 
300 |a 10 prints :  |b black and white ;  |c 36 x 28 cm. 
336 |a still image  |b sti  |2 rdacontent 
337 |a unmediated  |b n  |2 rdamedia 
338 |a sheet  |b nb  |2 rdacarrier 
500 |a The Cushing Library/Chapman Texas Collection copy is part of the Floyd & Louise Chapman Texas & Borderlands Collection.  |5 TXA 
500 |a Photographic prints mounted on boards, in portfolio. 
500 |a Portfolio title. 
500 |a "Graduate School, School of Architecture, Texas A & M University"--Portfolio cover verso. 
500 |a Picture. 
651 0 |a Calvert (Tex.)  |x Buildings, structures, etc.  |v Pictorial works. 
650 0 |a Architectural photography. 
710 2 |a Texas A & M University.  |b School of Architecture. 
994 |a C0  |b TXA 
948 |a cataloged  |b h  |c 2012/9/28  |d o  |e nbehmer  |f 12:58:30 pm 
999 |a MARS 
999 f f |s ff6d10fb-6c46-341b-9570-a982f45411df  |i c5b4e346-5fa8-38e9-9a2b-d6939ca2a957  |t 0 
952 f f |p noncirc  |a Texas A&M University  |b College Station  |c Cushing Memorial Library & Archives  |d Cushing: Chapman Texas Collection (Does not check out)  |t 0  |e F394.C23 P63 1965  |f Oversize  |h Library of Congress classification  |i unmediated -- sheet 
998 f f |a F394.C23 P63 1965  |t 0  |l Cushing: Chapman Texas Collection (Does not check out)